Datum a čas kvízu

23 Celkem bodů Celkový počet nahraných bodů na tomto kvízu bez doplňovacích otázek.
4. Pořadí na kvízu Konečné umístění týmu na tomto kvízu.

Zaznamenané odpovědi

# Otázka Odpověď Body Výsledky
1. Jedna česká politička oslavila... Markéta Pekarová Adamová 0
2. Totální chaos, přerušenou dopr... D) balónek, který uletěl z Oktoberfestu 1
3. Která skupina vydala minulý tý... Coldplay 1
4. V úterý se stal novým generáln... z Nizozemska 0
5. Který český brankář minulý týd... Vítězslav Jaroš 0
6. Jak se jmenuje stát, který je... Lesotho 0
7. Berlínská zeď oddělovala výcho... 1961 (1960 a 1962 za půl bodu) 0.5
8. V Pásmu Gazy, jež je v podstat... A 0
9. V roce 2015 během jediného dne... Indie a Bangladéš 0.5
10. Jak se jmenují dvě španělská m... Ceuta a Melilla 0